Compendio mundial de la educación 2005: comparación de las estadísticas de educación en el mundo

Uloženo v:
Podrobná bibliografie
Korporativní autor: Instituto de Estadística de la UNESCO (Autor)
Médium: Kniha
Jazyk:španělština
Vydáno: Montreal Instituto de Estadística de la UNESCO 2005
Témata:
Tagy: Přidat tag
Žádné tagy, Buďte první, kdo vytvoří štítek k tomuto záznamu!

MARC

LEADER 00000cam a2200000 a 4500
001 UCG9191
003 CL-VaPUC
008 120127e20050000CN |||||||||||||||||spa|d
020 |a 9291890200 
082 0 4 |a 370.1  |b INS  |2 21 
110 2 |a Instituto de Estadística de la UNESCO  |e author  |9 560662 
245 1 0 |a Compendio mundial de la educación 2005: comparación de las estadísticas de educación en el mundo 
300 |a 157 p 
942 |c BK 
945 |d 20120127 00:00:00  |a dcastane 
260 |a Montreal  |b Instituto de Estadística de la UNESCO  |c 2005 
650 0 |a Estadísticas  |9 258644 
650 0 |a Educación  |9 258661 
650 7 |a ESTADISTICAS APLICADAS  |2 CL-VaPUC  |9 560663 
583 |a last modification  |c 20120127 09:50:00  |k Rodrigo Vera 
999 |c 346758  |d 346756 
952 |0 0  |1 0  |4 0  |6 370_100000000000000_INS_2005  |7 0  |8 A  |9 447575  |a BIBEDU  |b BIBEDU  |d 2019-11-22  |i 4839137  |o 370.1 INS 2005  |p 4839137  |r 2019-11-22  |w 2019-11-22  |y BK  |k EPE